Vowel-less Fruit Quiz Stats

 Plays Quiz Updated Jul 25, 2018

Score 0/20 Timer 02:00
3 Plays Today
Vowel-less Fruit Fruit % Correct
blckbrrBlackberry
99.6%
strwbrrStrawberry
97.6%
pchPeach
97%
wtrmlnWatermelon
96.6%
ccmbrCucumber
96.3%
drgnfrtDragonfruit
95.9%
blbrrBlueberry/Bilberry
94.4%
grpfrtGrapefruit
92.9%
bnnBanana
92.8%
pnpplPineapple
92.4%
Vowel-less Fruit Fruit % Correct
mngMango
92%
ccntCoconut
91.6%
tngrnTangerine
89.3%
kmqtKumquat
87.3%
pmgrntPomegranate
78.3%
cntlpCantaloupe
78%
pplApple
77.4%
vcdAvocado
68.8%
prctApricot
64%
ppyPapaya
63.5%

You're not logged in!

Compare scores with friends on all Sporcle quizzes.
OR
Log In

Sporcle TV

Today on Sporcle TV


Watch our educational content, quiz creation guides, and fun videos on Sporcle TV.

Show Comments

Extras

Top Quizzes Today


Score Distribution

Your Account Isn't Verified!

In order to create a playlist on Sporcle, you need to verify the email address you used during registration. Go to your Sporcle Settings to finish the process.

Report this User

Report this user for behavior that violates our Community Guidelines.

Details: